000
00296nam a22001337a 4500
008
260407b ||||| |||| 00| 0 eng d
020
_a
9789994358038
041
_a
Shqip
080
_a
2.1
100
_a
08
101
_a
Zoonozat
245
_a
Zoonozat
_c
Kristaq P . Bërxholi
942
_2
udc
_c
BK
999
_c
60962
_d
60962